00715nam a2200205Ia 4500008004100000020002900041040001900070041001200089082002800101100001700129245006500146250001200211260004800223300001400271504007300285650002700358942000700385999001600392952010100408131103s9999 xx 000 0 und d a81-7328-036-3cRs.160.00 aLoreto College aEnglish a001.42/KOTbLCLIB/42427 aKothari,C.R. aResearch methodologyb Methods and techniques cC.R. Kothari a2nd ed. aNew DelhibWishwa Prakashanc1990(rep.2001) axii,468p. aIncludes bibliographical references, author index and subject index. aResearch methodology  cBK c2138d52617 00104070aMAINbMAINd2013-11-04l0o001.42/KOT LCLIB/42427pB1014r2013-11-04w2013-11-04yBK